| 000 | 01312cam a22002533a 4500 | ||
|---|---|---|---|
| 001 | 1973 | ||
| 003 | PGUSA | ||
| 005 | 20140828083008.0 | ||
| 008 | 991101s1999||||xxu|||||s|||||000 | eng d | ||
| 040 |
_aPGUSA _beng |
||
| 042 | _adc | ||
| 050 | 4 | _aPZ | |
| 100 | 1 |
_aLang, Andrew, _d1844-1912 |
|
| 245 | 1 | 0 |
_aTales of Troy : _bUlysses, the Sacker of Cities _h[electronic resource] / _cAndrew Lang |
| 260 |
_bProject Gutenberg, _c1999 |
||
| 505 | 0 | _aThe boyhood and parents of Ulysses -- How people lived in the time of Ulysses -- The wooing of Helen of the fair hands -- The stealing of Helen -- Trojan victories -- Battle at the ships -- The slaying and avenging of Patroclus -- The cruelty of Achilles, and the ransoming of Hector -- How Ulysses stole the luck of Troy -- The battles with the Amazons and Memnon; the death of Achilles -- Ulysses sails to seek the son of Achilles; the valour of Eurypylus -- The slaying of Paris -- How Ulysses invented the device of the horse of tree -- The end of Troy and the saving of Helen. | |
| 506 | _aPublic domain in the USA. | ||
| 516 | _aElectronic text | ||
| 653 | _aTrojan War -- Juvenile literature | ||
| 653 | _aMythology, Greek -- Juvenile literature | ||
| 830 | 0 |
_aProject Gutenberg _v1973 |
|
| 856 | 4 | 0 | _uhttp://www.gutenberg.org/ebooks/1973 |
| 942 | _cEB | ||
| 999 |
_c231314 _d231314 |
||